| 000 | 00739nam a2200205 i 4500 | ||
|---|---|---|---|
| 001 | 78903 | ||
| 003 | ES-MaACL | ||
| 005 | 20250930063100.0 | ||
| 007 | t| | ||
| 008 | 041018m19091911gw ||||1| ger d | ||
| 100 | 1 |
_aHelmholtz, Hermann von, _d1821-1894 _962470 |
|
| 245 | 1 | 0 |
_aHandbuch der Physiologischen Optik / _cvon H. von Helmholtz ; dritte auflage ergèanzt und herausgegeben in Gemeinschaft mit A. Gullstrand und J. von Kries ... von W. Nal. |
| 260 |
_aHamburg : _bLeopold Voss, _c1909-1911 ( _fMetzger und Willig) |
||
| 300 |
_a3 v. : _bil. ; _c28 cm. |
||
| 700 | 1 |
_aGullstrand, A. _960943 |
|
| 700 | 1 |
_aKries, J. von. _968852 |
|
| 700 | 1 |
_aNagel, W. _984840 |
|
| 852 |
_aES-MaACL _jG-1414-16 |
||
| 999 |
_c78903 _d78903 |
||